000 00692nam a2200265Ia 4500
003 OSt
005 20220918163215.0
006 a|||||r|||| 00| 0
007 ta
008 220917b |||||||| |||| 00| 0 eng d
020 _a0 297 77360 7
024 _a252,381
037 _cTextual
040 _aARTS
_cARTS
_beng
041 _2eng
_aeng
082 _aY74:1, L7
100 _aBowles Gordon T
_911998
245 0 _aPeople of Asia
260 _aLondon
_bWeidenfeld and Nicolson UK
_c1977
300 _a414p.
_ccm.
490 _aPeoples of the world seriesseries
650 _aSOCIOLOGY
942 _hY74:1, L7
_cTEXL
_2CC
999 _c118444
_d118444